V akom stave zanecháva Vladimír Putin ekonomiku svojmu nástupcovi ?
Ruský prezident V. Putin (2000-2008) a jeho reformátorské ambície. Výsledky obdobia jeho vlády. Jednou z jeho priorít bola liberalizácia energetického sektora. Autor dáva do popredia postavenie štátu v energetike, poukazuje na nedostatky najmä v plynárenskom odvetví. Medzi ne patrí zastaraná štruktú...
Na minha lista:
| Autor principal: | |
|---|---|
| Formato: | Capítulo de Livro |
| Idioma: | eslovaco |
| Assuntos: | |
| Tags: |
Sem tags, seja o primeiro a adicionar uma tag!
|
MARC
| LEADER | 00000nla$a2200000$$$4500 | ||
|---|---|---|---|
| 001 | 0082842 | ||
| 005 | 20240502071930.6 | ||
| 041 | 0 | |a slo | |
| 044 | |a SK | ||
| 245 | 1 | 0 | |a V akom stave zanecháva Vladimír Putin ekonomiku svojmu nástupcovi ? |c Janka Zvončeková |
| 520 | |a Ruský prezident V. Putin (2000-2008) a jeho reformátorské ambície. Výsledky obdobia jeho vlády. Jednou z jeho priorít bola liberalizácia energetického sektora. Autor dáva do popredia postavenie štátu v energetike, poukazuje na nedostatky najmä v plynárenskom odvetví. Medzi ne patrí zastaraná štruktúra plynovodov, zvyšujúci sa domáci dopyt po elektrickej energii a zvyšujúca sa neschopnosť uspokojovať domáci dopyt. Problém sa má riešiť rastúcimi cenami za plyn. Napriek sedemročnému obdobiu reforiem V. Putina sa ekonomický rast dosahuje vďaka vysokým cenám ropy a zemného plynu. | ||
| 610 | 2 | 0 | |a Rusko |
| 610 | 2 | 0 | |a 2000-2008 |
| 610 | 2 | 0 | |a reformy |
| 610 | 2 | 0 | |a energetika |
| 610 | 2 | 0 | |a energia elektrická |
| 610 | 2 | 0 | |a plyn zemný |
| 610 | 2 | 0 | |a plynovody |
| 610 | 2 | 0 | |a ropa |
| 610 | 2 | 0 | |a ceny |
| 610 | 2 | 0 | |a rast hospodársky |
| 100 | 1 | |a Zvončeková, Janka | |